000 00447nam a2200157 4500
999 _c508034
_d508034
008 190306b ||||| |||| 00| 0 eng d
100 _aSingh, Vineet
_93022
245 _aRole of violence in student politics at Allahabad Univeristy
260 _c2018
300 _ap.331-344.
650 _aStudents - India - Allahabad
_93023
650 _aPolitical participation
_93024
773 _aSocial Action
906 _aViolence
942 _2ddc
_cAR